| 000 | 00891nam a22001577a 4500 | ||
|---|---|---|---|
| 003 | OSt | ||
| 005 | 20150919100658.0 | ||
| 008 | 150919b xxu||||| |||| 00| 0 eng d | ||
| 040 | _cRUA | ||
| 082 | _aAGR ROE 2005 B030 Or.1 | ||
| 100 |
_9832 _aROEUN, CHANDARETH. |
||
| 245 | _acomparison on the efficiency of using three different crop proteection methods on chinese kale in crop station of royal university of agriculture ( ប្រៀបធៀបប្រសិទ្ធិភាពនៃវិធានការ ការពារបីប្រភេទទៅលើទិន្នផលដំណាំខាត់ណាដើម នៅក្នុងស្តានីយ៍ ពិសោធន៍ដំណាំ នៃសាកលវិទ្យាល័យភូមិន្ទកសិកម្ម ) | ||
| 260 |
_aPhnom Penh _bRUA _c2005 |
||
| 300 |
_a58p. _bill. _c29cm. |
||
| 942 |
_2ddc _cAGR |
||
| 999 |
_c802 _d802 |
||